Statistics for Roman Numeral Decoding Quiz #2

Click here to take the quiz!

General Stats

  • This quiz has been taken 311 times
  • The average score is 15 of 20

Answer Stats

ArabicRoman% Correct
1000M
99%
500D
96%
31XXXI
94%
2II
93%
1057MLVII
87%
6VI
86%
12XII
80%
821DCCCXXI
79%
2103MMCIII
75%
87LXXXVII
73%
402CDII
71%
61LXI
71%
72LXXII
69%
1006MVI
66%
732DCCXXXII
62%
509DIX
62%
2312MMCCCXII
58%
698DCXCVIII
55%
999CMXCIX
53%
3821MMMDCCCXXI
50%

Score Distribution

Percentile by Number Answered

Percent of People with Each Score

Your Score History

You have not taken this quiz